000 00223nam a2200085Ia 4500
005 20250523155753.0
008 250523s9999 xx 000 0 und d
245 0 _aGelincik Diz/Cambaz Parası
_cGülten Dayıoğlu
260 _bALTIN
999 _c12156
_d12156